<?xml version="1.0" encoding="UTF-8"?><?xml-stylesheet type="text/xsl" href="static/style.xsl"?><OAI-PMH xmlns="http://www.openarchives.org/OAI/2.0/" xmlns:xsi="http://www.w3.org/2001/XMLSchema-instance" xsi:schemaLocation="http://www.openarchives.org/OAI/2.0/ http://www.openarchives.org/OAI/2.0/OAI-PMH.xsd"><responseDate>2026-04-27T21:27:27Z</responseDate><request verb="GetRecord" identifier="oai:uvadoc.uva.es:10324/73698" metadataPrefix="marc">https://uvadoc.uva.es/oai/request</request><GetRecord><record><header><identifier>oai:uvadoc.uva.es:10324/73698</identifier><datestamp>2025-09-11T12:20:33Z</datestamp><setSpec>com_10324_1188</setSpec><setSpec>com_10324_931</setSpec><setSpec>com_10324_894</setSpec><setSpec>col_10324_1413</setSpec></header><metadata><record xmlns="http://www.loc.gov/MARC21/slim" xmlns:doc="http://www.lyncode.com/xoai" xmlns:xsi="http://www.w3.org/2001/XMLSchema-instance" xmlns:dcterms="http://purl.org/dc/terms/" xsi:schemaLocation="http://www.loc.gov/MARC21/slim http://www.loc.gov/standards/marcxml/schema/MARC21slim.xsd">
<leader>00925njm 22002777a 4500</leader>
<datafield tag="042" ind1=" " ind2=" ">
<subfield code="a">dc</subfield>
</datafield>
<datafield tag="720" ind1=" " ind2=" ">
<subfield code="a">Callejo González, José Javier</subfield>
<subfield code="e">author</subfield>
</datafield>
<datafield tag="720" ind1=" " ind2=" ">
<subfield code="a">Marquina Márquez, Alfonso</subfield>
<subfield code="e">author</subfield>
</datafield>
<datafield tag="720" ind1=" " ind2=" ">
<subfield code="a">Jiménez Aboitiz, Ricardo</subfield>
<subfield code="e">author</subfield>
</datafield>
<datafield tag="260" ind1=" " ind2=" ">
<subfield code="c">2024</subfield>
</datafield>
<datafield tag="520" ind1=" " ind2=" ">
<subfield code="a">This article deals with the opinions and attitudes of the adolescent population toward death and its possible treatment in formal education at a public secondary school in Spain. To do so, we use a mixed methodology - DEA-S scale (n = 366) and three focus groups (n = 23), using descriptive statistical analysis, cluster analysis and qualitative thematic analysis. As in other studies, these students show moderately positive attitudes toward the inclusion of death education at their school, but their position is not unanimous, and above all, they admit its inclusion with certain reservations and conditions that reveal a limited conception of the educational potential of death education: they do not consider it appropriate at all educational stages and are critical of the way in which similar topics are usually dealt with at school. The analysis provides important didactic guidelines for the promotion of death awareness in secondary education.</subfield>
</datafield>
<datafield tag="024" ind2=" " ind1="8">
<subfield code="a">Death Studies, 2024,</subfield>
</datafield>
<datafield tag="024" ind2=" " ind1="8">
<subfield code="a">0748-1187</subfield>
</datafield>
<datafield tag="024" ind2=" " ind1="8">
<subfield code="a">https://uvadoc.uva.es/handle/10324/73698</subfield>
</datafield>
<datafield tag="024" ind2=" " ind1="8">
<subfield code="a">10.1080/07481187.2024.2376838</subfield>
</datafield>
<datafield tag="024" ind2=" " ind1="8">
<subfield code="a">1</subfield>
</datafield>
<datafield tag="024" ind2=" " ind1="8">
<subfield code="a">10</subfield>
</datafield>
<datafield tag="024" ind2=" " ind1="8">
<subfield code="a">Death Studies</subfield>
</datafield>
<datafield tag="024" ind2=" " ind1="8">
<subfield code="a">1091-7683</subfield>
</datafield>
<datafield ind1=" " ind2=" " tag="653">
<subfield code="a">Sociología de la educación</subfield>
</datafield>
<datafield tag="245" ind1="0" ind2="0">
<subfield code="a">“You have to be mentally prepared for that moment”: Attitudes of the adolescent population to death and their educational implications</subfield>
</datafield>
</record></metadata></record></GetRecord></OAI-PMH>